书目信息 |
| 题名: |
吉庆佳联大家写
|
|
| 作者: | 张家伟 编著 | |
| 分册: | ||
| 出版信息: | 上海 上海科学普及出版社 2007.02 |
|
| 页数: | 225页 | |
| 开本: | 21cm | |
| 丛书名: | ||
| 单 册: | ||
| 中图分类: | I269 | |
| 科图分类: | ||
| 主题词: | 对联--dui lian--中国--作品集 | |
| 电子资源: | ||
| ISBN: | 7-5427-3638-8 | |
| 000 | 00787nam0 2200229 450 | |
| 001 | 012008440302 | |
| 005 | 20080123172120.07 | |
| 010 | @a7-5427-3638-8@dCNY15.00 | |
| 100 | @a20080123d2007 em y0chiy0120 ea | |
| 101 | 0 | @achi |
| 102 | @aCN@b310000 | |
| 105 | @ay z 000yy | |
| 106 | @ar | |
| 200 | 1 | @a吉庆佳联大家写@Aji qing jia lian da jia xie@f张家伟编著@Fzhang jia wei bian zhu |
| 210 | @a上海@c上海科学普及出版社@d2007.02 | |
| 215 | @a225页@d21cm | |
| 330 | @a本书反映了一定的社会历史面貌和人民的生活状况, 抒发了作者的感情。本书编集了言简意赅, 遣词典雅, 含蓄婉转, 托物言志, 抒情写景的实用吉庆佳联。 | |
| 606 | 0 | @a对联@Adui lian@y中国@j作品集 |
| 690 | @aI269@v4 | |
| 701 | 0 | @a张家伟@Azhang jia wei@4编著 |
| 801 | 0 | @aCN@bQSSK@c20080123 |
| 905 | @b280091-93@dI269@eZ127@f3 | |
| 吉庆佳联大家写/张家伟编著.-上海:上海科学普及出版社,2007.02 |
| 225页;21cm |
| ISBN 7-5427-3638-8:CNY15.00 |
| 本书反映了一定的社会历史面貌和人民的生活状况, 抒发了作者的感情。本书编集了言简意赅, 遣词典雅, 含蓄婉转, 托物言志, 抒情写景的实用吉庆佳联。 |
| ● |
| 相关链接 |
|
|
|
正题名:吉庆佳联大家写
索取号:I269/Z127
 
预约/预借
| 序号 | 登录号 | 条形码 | 馆藏地/架位号 | 状态 | 备注 |
| 1 | 280091 | 202800914 | 文学库116/116文学库 12排4列2层/ [索取号:I269/Z127] | 在馆 | |
| 2 | 280092 | 202800923 | 文学库116/116文学库 12排4列2层/ [索取号:I269/Z127] | 在馆 | |
| 3 | 280093 | 202800932 | 社科二线422/116文学库 12排4列2层/ [索取号:I269/Z127] | 在馆 |